00974nam a2200277 a 4500001001000000003000900010005001700019007000300036008004100039020001500080040002500095082002700120100005200147245008800199260003900287300002000326490002900346590002800375650002800403650003100431700004400462910003700506942001400543952012200557999001700679000045341DO-SdBNP20240503073631.0ta150304s2001 dr 000 f spa d a8403092636 aDO-SdBNPbspacBNPHU 4a863.3bC419g, 20012221 aCervantes Saavedra, Miguel de,d1547-16169307013aLa gitanilla /cMiguel de Cervantes y Saavedra ; pról. de Ángel Valbuena Prat.  aMadrid :bGrupo santillana,c2001. a280 p. ;c9 cm. aCrisol ;vSerie especial aInventariado, 2022 / DG 4aNovela española91123 4aLiteratura española96321 aValbuena Prat, Ángelepról..936754 aDG/Validado. Control calidad MFF 2ddccLBS1 00102ddc56708GRaBNPHUbBNPHUcHDd2022-11-29oBNPHU GR 863.3 C419g 2001p2022-5788r2022-11-29w2022-11-29yLBS1 c53020d53020